00363nam a2200121Ia 4500020001500000082001700015245003600032260004500068300001300113650006800126650003300194700001400227 a019565823X a330.092 PAR- 0aPartial memoirs of V.K.R.V. Rao aNew DelhibOxford University Pressc2002 axi, 178p aRao, V. K. R. V. (Vijendra Kasturi Ranga Varadaraja), 1908-1991 aEconomistsvIndiavBiography aRao, S.L.